000 00235nam a22000857a 4500
008 220217b ||||| |||| 00| 0 eng d
100 _aKohler, Heinrich
245 _aThe Erivan Collection - Worldwide Rarities
650 _aWorldwide | Rarities
999 _c3328
_d3328